000 00349nam a2200157Ia 4500
008 210210b1949 xxu||||| |||| 00| 0 eng d
041 _aeng
082 _a828/459
100 _aNEHRU (Jawaharlal)
245 _aMahatma Gandhi
260 _aCalcutta
_b-
_c1949
650 _aMahatma
650 _aGandhi
690 _aBiography
906 _a016303
999 _c135772
_d135772